Writing and Producing Radio Dramas (Record no. 11945)

MARC details
000 -LEADER
fixed length control field 00380nam a22001457a 4500
008 - FIXED-LENGTH DATA ELEMENTS--GENERAL INFORMATION
fixed length control field 220121b ||||| |||| 00| 0 eng d
020 ## - INTERNATIONAL STANDARD BOOK NUMBER
International Standard Book Number 9789351501664
050 ## - LIBRARY OF CONGRESS CALL NUMBER
Classification number PN1991.73
Item number 1
082 ## - DEWEY DECIMAL CLASSIFICATION NUMBER
Classification number 808.222
Item number 1
100 ## - MAIN ENTRY--PERSONAL NAME
Personal name De Fossard Esta
9 (RLIN) 7519
245 ## - TITLE STATEMENT
Title Writing and Producing Radio Dramas
260 ## - PUBLICATION, DISTRIBUTION, ETC. (IMPRINT)
Place of publication, distribution, etc. New Delhi
Name of publisher, distributor, etc. SAGE Publications
Date of publication, distribution, etc. 2005
300 ## - PHYSICAL DESCRIPTION
Extent 294.P
942 ## - ADDED ENTRY ELEMENTS (KOHA)
Source of classification or shelving scheme Dewey Decimal Classification
Koha item type BOOK
Holdings
Withdrawn status Lost status Source of classification or shelving scheme Damaged status Not for loan Home library Current library Shelving location Date acquired Total Checkouts Full call number Barcode Date last seen Price effective from Koha item type
    Dewey Decimal Classification     Good Samaritan School Library Good Samaritan School Library LITERATURE 01/21/2022   808.222 1 DEF17222 01/21/2022 01/21/2022 BOOK

Powered by Koha